| 000 | 00663nam a2200229Ia 4500 | ||
|---|---|---|---|
| 003 | OSt | ||
| 005 | 20220925210630.0 | ||
| 006 | a|||||r|||| 00| 0 | ||
| 007 | ta | ||
| 008 | 220923b |||||||| |||| 00| 0 eng d | ||
| 037 | _cGeneral Book | ||
| 040 |
_aRTL _cRTL _beng |
||
| 041 |
_2eng _aeng |
||
| 082 | _aX:8HW.28154.N62, K2 | ||
| 110 |
_aHUKUMCHAND MILLS LTD INDORE _9272816 |
||
| 245 | 0 | _aBalance sheet and directors report,1949. | |
| 260 |
_aIndore _bHukumchand Mill _c1962 |
||
| 300 |
_a12p. _ccm. |
||
| 700 |
_aHUKUMCHAND MILLS LTD INDORE _9272817 |
||
| 942 |
_hX:8HW.28154.N62, K2 _cGB _2CC |
||
| 999 |
_c555651 _d555651 |
||